Νεοελληνικά φιλολογικά παραλειπόμενα

Αποθηκεύτηκε σε:
Λεπτομέρειες βιβλιογραφικής εγγραφής
Κύριος συγγραφέας: Γρυπάρης, Νικόλαος, 1914-
Μορφή: Βιβλίο
Γλώσσα:Greek
Δημοσίευση: Αθήνα : [χ.ε.], 1977
Θέματα:
Ετικέτες: Προσθήκη ετικέτας
Δεν υπάρχουν, Καταχωρήστε ετικέτα πρώτοι!

MARC

LEADER 00000cam a2200000 i 4500
001 1/23062
008 060127s1977 gre d
035 |l 10082320 
040 |a GR-MY-UA  |b gre  |e aacr 
041 0 |a gre 
082 0 |a 889.09  |2 (22) 
100 1 |a Γρυπάρης, Νικόλαος,   |d 1914- 
245 1 0 |a Νεοελληνικά φιλολογικά παραλειπόμενα /  |c Νίκος Γρυπάρης 
260 |a Αθήνα :   |b [χ.ε.],   |c 1977 
300 |a 184 σ.;  |c 19 εκ. 
504 |a Περιέχει βιβλιογραφία 
650 0 0 |a Greek literature, Modern  |x History and criticism. 
852 |a INST  |b LESVOS  |e 20060127  |h 889.09 ΓΡΥ  |p 005100034078  |q 005100034078  |t BK  |y 0 
852 |a INST  |b LESVOS  |e 20060601  |h 889.09 ΓΡΥ  |p 005100035748  |q 005100035748  |t BK  |y 0 
901 |a BIBL1-2006-1 
909 |a Λ  |b 125620 
909 |a Λ  |b 128564 
970 |a ΚΑΡΑ  |b ΓΙΑΣΕΜΗ  |z 2006/01/27